| 000 | 00536nam a2200181 i 4500 | ||
|---|---|---|---|
| 001 | 56071 | ||
| 003 | ES-MaACL | ||
| 005 | 20230906163257.0 | ||
| 007 | t| | ||
| 008 | 031002s1970 sp ||||1| spa d | ||
| 100 | 1 |
_aDíaz-Plaja, Fernando, _d1918-2012 _944396 |
|
| 245 | 1 | 0 |
_aEspaña _b: los años decisivos : 1909 / _cFernando Díaz-Plaja. |
| 250 | _a[1ª ed.]. | ||
| 260 |
_a[Barcelona] : _bPlaza & Janés, _c1970. |
||
| 300 |
_a234 p., 28 lám. ; _c20 cm. |
||
| 852 |
_aES-MaACL _jC-39284 _bR.75653 |
||
| 999 |
_c56071 _d56071 |
||